00859nam a22002297a 4500999001900000005001700019010001500036020002600051035001400077037001300091082001200104245012300116260003300239270010500272300002400377500001900401700001900420700002100439700001900460942002600479952012400505 c166330d16633020190719170738.0 aENG-126018 a9788183295315c995.00 aEN-109550 bDBAD/PUB a338.954 aMaking of new India :ced.by Bibek Debroy, Anirban Ganguly [and] Kishore Desaibtransformation under Modi government / aNew DelhibWisdom Treec2019 a4779/23, Ansari Road bDarya Ganj, New Delhie110002mwisdomtreebooks@gmail.comk011-23247966/67/68 axix,587p.c24cm(Hb) aIncludes index aDebroy, Bibek  aGanguly, Anirban aDesai, Kishore 2ddccENh338.954mMAK 001040708NFICaZLSbZLSd2019-07-19eDBAD/PUBg995.00l0o338.954 MAKpEN-109550r2019-07-19 00:00:00t1v995.00yEN